Minecraft Mobs: Allay - Statistics

General Stats
  • This quiz has been taken 9 times
    6 since last reset
  • The average score is 8 of 13
Answer Stats
Question Answer % Correct
What is an allay's height in blocks? 0.6
100%
How many health points does an allay regenerate per second? 2
80%
How many health points does an allay have? 20
80%
For how many seconds will the allay's target be diverted? 30
80%
What do you give an allay to duplicate it? Amethyst Shard
80%
What common structure can generate with allays in a cage? Pillager Outpost
80%
What rare structure can generate with allays in a jail? Woodland Mansion
80%
What does an allay need to be near in order to duplicate? Jukebox
60%
What block can divert an allay's target for delivering items? Note Block
60%
What source of damage is an allay immune to? Fall Damage
40%
What advancement do you get for being delivered an item from an allay? You've Got a Friend in Me
40%
What is an allay's width in blocks? 0.35
20%
What advancement do you get for having an allay deliver a cake to a note block? Birthday Song
20%
No matching quizzes found
Score Distribution
Percent of People with Each Score
Percentile by Number Answered
Your Score History
You have not taken this quiz since the last reset